书目信息 |
| 题名: |
光与生命
|
|
| 作者: | 布琼 , Bjorn 著 ;汉槎 译 | |
| 分册: | ||
| 出版信息: | 北京 科学出版社 1984 |
|
| 页数: | 257页 | |
| 开本: | 19cm | |
| 丛书名: | ||
| 单 册: | ||
| 中图分类: | Q63 | |
| 科图分类: | ||
| 主题词: | 生物光学 | |
| 电子资源: | ||
| ISBN: | ||
| 000 | 00766nam0 2200289 45 | |
| 001 | 0184009435 | |
| 005 | 20040630152709.7 | |
| 010 | @dCNY1.05 | |
| 091 | @a13031.2533 | |
| 100 | @a19950705d1984 emky0chiy0121 ea | |
| 101 | 1 | @achi@ceng |
| 102 | @aCN@b110000 | |
| 105 | @ay z 000yy | |
| 106 | @ar | |
| 200 | 10 | @a光与生命@Aguang yu sheng ming@f(英)布琼(L.O.Bjorn)著@g汉槎译 |
| 210 | @a北京@c科学出版社@d1984 | |
| 215 | @a257页@d19cm | |
| 300 | @a书名原文:Light and life | |
| 510 | 1 | @aLight and life@zeng |
| 606 | @a生物光学 | |
| 690 | @aQ63@v3 | |
| 701 | 1 | @a布琼@Abu qiong@bL.O.@4著 |
| 701 | A1 | @aBjorn@bL.O.@4著 |
| 702 | 0 | @a汉槎@Ahan cha@4译 |
| 801 | 0 | @aCN@b上海图书馆@c20040630 |
| 801 | 2 | @aCN@bNLC@c20040630 |
| 905 | @f1@b108297@dQ63@e5 | |
| 光与生命/(英)布琼(L.O.Bjorn)著/汉槎译.-北京:科学出版社,1984 |
| 257页;19cm |
| 书名原文:Light and life |
| ISBN :CNY1.05 |
| ● |
| 相关链接 |
|
|
|
|
正题名:光与生命
索取号:Q63/5
 
预约/预借
| 序号 | 登录号 | 条形码 | 馆藏地/架位号 | 状态 | 备注 |
| 1 | 0108297 | 001938719 | 第三借阅区/ [索取号:Q63/5] | 在馆 | |
| 2 | 0108298 | 000703616 | 第二样本阅览室/ [索取号:Q63/5] | 在馆 |